Riadenie pracovného výkonu zamestnancov obchodného oddelenia v podniku RYBA Košice spol. s.r.o. diplomová práca

Salvato in:
Dettagli Bibliografici
Autore principale: Jaklovská, Kristýna
Ente Autore: Podnikovohospodárska fakulta EU so sídlom v Košiciach. Katedra manažmentu
Altri autori: Olexová, Cecília, 1976-
Natura: Libro
Lingua:slovacco
Pubblicazione: Košice 2010
Tags: Aggiungi Tag
Nessun Tag, puoi essere il primo ad aggiungerne!!

MARC

LEADER 00000nam$a2200000$$$4500
001 0122367
005 20240318123341.6
041 0 |a slo 
044 |a SK 
245 1 0 |a Riadenie pracovného výkonu zamestnancov obchodného oddelenia v podniku RYBA Košice spol. s.r.o.  |b diplomová práca  |c Kristýna Jaklovská ; škol. Cecília Olexová 
264 1 |a Košice  |c 2010 
300 |a 88 s. 
100 1 |a Jaklovská, Kristýna 
700 1 |a Olexová, Cecília, 1976- 
710 2 |a Podnikovohospodárska fakulta EU so sídlom v Košiciach. Katedra manažmentu